| 000 | 01705nam0a22003371 4500 | ||
|---|---|---|---|
| 001 | rc\4038230 | ||
| 005 | 20250611064812.0 | ||
| 021 |
_aRU _b[47-11304] |
||
| 035 | _a(NLR Aleph) 008097223 | ||
| 090 |
_a9221171 _c9221171 |
||
| 100 | _a20130415d1947 |||y0rusy50 ca | ||
| 101 | 0 | _arus | |
| 102 | _aRU | ||
| 105 | _aa z ||||| | ||
| 200 | 1 | _aУпрочнение поверхностей деталей дробью | |
| 210 |
_aМосква _cТиполит. НИАТ _d1947 |
||
| 215 |
_a51 с. _cил. _d22 |
||
| 225 | 1 | _aМинистерство авиационной промышленности СССР. Научно-исследовательский институт технологии и организации производства. Труды Института | |
| 300 | _aЛитогр. изд. | ||
| 300 | _aАвт. указан на обороте тит. л.: инж. С.С. Лосев | ||
| 320 | _aЛитература: с. 50 (11 назв.) | ||
| 604 |
_150010$aТруды Института _171002$aНаучно-исследовательский институт технологии и организации производства авиационной промышленности$cМосква |
||
| 606 |
_aМеталлообработка наклепом _2psbo |
||
| 606 |
_aДетали машин _xОбработка поверхности дробью _2psbo |
||
| 606 |
_aДетали машин _xПоверхности _xУпрочнение дробью _2psbo |
||
| 700 | 1 |
_aЛосев _bС.С. _gСергей Сергеевич |
|
| 801 | 0 |
_aRU _bNLR _gpsbo |
|
| 801 | 1 |
_aRU _bELAR _2rusmarc |
|
| 852 |
_aNLR _jТ36 Г-6/323 |
||
| 942 | _cBOOK | ||
| 980 | _aNB | ||